| 000 | 03249cam a2200541Ii 4500 | ||
|---|---|---|---|
| 001 | sjdszcodcb b6688525 | ||
| 003 | sjds | ||
| 005 | 20210824115836.0 | ||
| 007 | t| | ||
| 008 | 170907m20112017sp a j 000 1 spa d | ||
| 020 |
_a9788467585339 _q(paperback) |
||
| 040 |
_dUtOrBLW _beng _erda _csjds |
||
| 041 | 1 |
_aspa _heng |
|
| 100 | 1 |
_aPilkey, Dav, _d1966- _eauthor. _4aut. |
|
| 240 | 1 | 0 |
_aSuper diaper baby 2: the invasion of the potty snatchers. _lSpanish. |
| 245 | 1 | 3 |
_aEl Capitan Calzoncillos de la invasion los ladrones de retretes. _pSuperpanal 2 / _cDav Pilkey ; traduccie Miguel Azaola. _h[gn] |
| 246 | 3 | 0 | _aLa invasion de los ladrones de retretes superpanal 2. |
| 246 | 3 | 0 | _aEl Capitan Calzoncillos |
| 260 |
_aMadrid : _bSM, _c2017. |
||
| 264 | 1 |
_aMadrid : _bSM, _c2017. |
|
| 300 |
_a191 pages : _bchiefly illustrations ; _c19 cm. |
||
| 336 |
_atext _btxt _2rdacontent |
||
| 336 |
_astill image _bsti _2rdacontent |
||
| 337 |
_aunmediated _bn _2rdamedia |
||
| 338 |
_avolume _bnc _2rdacarrier |
||
| 490 | 1 | _aEl barco de vapor. | |
| 490 | 1 |
_aSerie CapitCalzoncillos ; _v11. |
|
| 500 | _aTranslation of: Super diaper baby 2 : the invasion of the potty snatchers. | ||
| 520 | _a "Una nueva aventura de Superpanal, el mini heroe al que temen todos los villanos... Ahora, en la coleccion El Barco de Vapor! Un comic mas de la editorial Tebeos Casaenrama, ahora en la coleccion El Barco de Vapor! En esta nueva entrega, Jorge y Berto ya no saben como acertar. El director Carrasquilla no solo les ha prohibido hacer mas comics del Capitan Calzoncillos, sino que les ha amenazado con castigarlos seramente si vuelven a inventar una historieta que hable de caca. Que hacer? Que tema elegir? Menos mal que los dos amigos son chicos con recursos, y pronto se les ocurre una nueva aventura de Superpanal en la que nuestro pequeño heroe y su inseparable Perrete Panalete se enfrentan a un enemigo... de pis!" -- from casadellibro.com. | ||
| 521 | 1 | _a+7 a. | |
| 650 | 0 |
_aCaptain Underpants (Fictitious character) _vJuvenile fiction. _0sh 00004594. |
|
| 650 | 0 |
_aHeroes _vJuvenile fiction. _0sh2008105588 _0http://id.loc.gov/authorities/subjects/sh2008105588. |
|
| 650 | 0 |
_aSchool principals _vJuvenile fiction. _0sh 87002712. |
|
| 650 | 0 |
_aSchools _vJuvenile fiction. _0sh2008111273 _0http://id.loc.gov/authorities/subjects/sh2008111273. |
|
| 650 | 0 |
_aHeroes. _0(OCoLC)fst00955558. |
|
| 650 | 0 |
_aSchool principals. _0(OCoLC)fst01107681. |
|
| 650 | 0 |
_aSchools. _0(OCoLC)fst01107958. |
|
| 650 | 1 |
_aSchools _vFiction. _0sh2008111273 _0http://id.loc.gov/authorities/subjects/sh2008111273. |
|
| 655 | 7 |
_aComics (Graphic works) _2lcgft _0gf2014026266 _0http://id.loc.gov/authorities/genreForms/gf2014026266. |
|
| 655 | 0 | _aCaricatures and cartoons. | |
| 655 | 7 |
_aHumorous fiction. _2lcgft _0gf2014026377 _0http://id.loc.gov/authorities/genreForms/gf2014026377. |
|
| 655 | 7 |
_aFiction. _2fast _0(OCoLC)fst01423787. |
|
| 655 | 7 |
_aJuvenile works. _2fast _0(OCoLC)fst01411637. |
|
| 700 | 1 |
_aAzaola, Miguel. _0n 89654574 _0http://id.loc.gov/authorities/names/n89654574 _etranslator. |
|
| 800 | 1 |
_aPilkey, Dav, _d1966- _tSerie Capitan Calzoncillos ; _v11. |
|
| 830 | 0 |
_aBarco de vapor. _0n 93035403 _0http://id.loc.gov/authorities/names/n93035403. |
|
| 942 | _cBK | ||
| 999 |
_c26077 _d26077 |
||